| 000 | 00573nam a2200205Ia 4500 | ||
|---|---|---|---|
| 005 | 20251113230340.0 | ||
| 008 | 230125s9999 xx 000 0 und d | ||
| 041 | _aeng | ||
| 082 |
_a158.1 _bBRI/KIR |
||
| 100 |
_aBrinkman R _9214906 |
||
| 245 | _aDealing with difficult people | ||
| 260 |
_c2004 _bTata McGraw Hill _aNew Delhi |
||
| 300 | _a47p | ||
| 440 |
_aMcGraw-Hill professional education _9214907 |
||
| 500 | _aPersonality Development, | ||
| 650 |
_aPersonality Development _9213420 |
||
| 700 |
_aBrinkman R & Kirschner R _9214908 |
||
| 906 | _b9 | ||
| 942 | _cBK | ||
| 999 |
_c85641 _d85641 |
||